| 000 | 00841nam a22002177a 4500 | ||
|---|---|---|---|
| 005 | 2008060203433.0 | ||
| 008 | 080602t xxu||||| |||| 00| 0 eng d | ||
| 010 | _aENG-90250 | ||
| 020 |
_a0195694236 _c695.00 |
||
| 035 | _aEN-73783 | ||
| 037 | _bDBAD / PUB | ||
| 040 |
_aDPL _bEN |
||
| 082 | _a954.07 | ||
| 100 | _aFenech, Louis E. | ||
| 245 |
_aThe darbar of the Sikh Gurus: _bthe court of God in the world of men / _cby Louis E. Fenech |
||
| 260 |
_aNew Delhi _bOxford University Press _c2008 |
||
| 300 |
_axiii, 325p.: _c22 cm (Hb) _bb&w photos |
||
| 500 | _aIncludes bibliographical references & index | ||
| 942 |
_2ddc _cEN _h954.07 _mFEN |
||
| 999 |
_c13122 _d13122 |
||